Online
Catalog

Liberalismo / (Record no. 1502)

MARC details
000 -CABECERA
campo de control de longitud fija 01104cam a2200325 a 4500
001 - NÚMERO DE CONTROL
campo de control 000001610
005 - FECHA Y HORA DE LA ÚLTIMA TRANSACCIÓN
campo de control 20250909115816.0
008 - DATOS DE LONGITUD FIJA--INFORMACIÓN GENERAL
campo de control de longitud fija 750718s1927 sp a 001 0 spa
040 ## - FUENTE DE LA CATALOGACIÓN
Centro catalogador/agencia de origen DO-SdBNP
Lengua de catalogación spa
Centro/agencia transcriptor BNPHU
041 17 - CÓDIGO DE LENGUA
Código de lengua del texto/banda sonora o título independiente eng
Código de lengua original spa
082 ## - NÚMERO DE LA CLASIFICACIÓN DECIMAL DEWEY
Número de clasificación 148
Número de documento/Ítem H683l
100 1# - ENTRADA PRINCIPAL--NOMBRE DE PERSONA
Nombre de persona Hobhouse, L. T.
Forma completa/desarrollada del nombre (Leonard Trelawny),
Fechas asociadas al nombre 1864-1929.
9 (RLIN) 5270
240 10 - TÍTULO UNIFORME
Título uniforme Liberalism.
Lenguaje de la obra Español
245 10 - MENCIÓN DE TÍTULO
Título Liberalismo /
Mención de responsabilidad, etc. L. T. Hobhouse ; traducción Julio Calvo Alfaro.
260 ## - PUBLICACIÓN, DISTRIBUCIÓN, ETC.
Lugar de publicación, distribución, etc. Barcelona :
Nombre del editor, distribuidor, etc. Editorial Labor,
Fecha de publicación, distribución, etc. 1927.
300 ## - DESCRIPCIÓN FÍSICA
Extensión 196 p. :
Otras características físicas il. ;
Dimensiones 18 cm.
490 1# - MENCIÓN DE SERIE
Mención de serie Labor
490 1# - MENCIÓN DE SERIE
Mención de serie Sección
Designación de volumen o secuencia 9
490 1# - MENCIÓN DE SERIE
Mención de serie Política
Designación de volumen o secuencia v. 133
490 1# - MENCIÓN DE SERIE
Mención de serie Biblioteca de Iniciación Cultural
534 ## - NOTA SOBRE LA VERSIÓN ORIGINAL
Encabezamiento principal del original Título original:
Mención de título del original Liberalism.
504 ## - NOTA DE BIBLIOGRAFÍA, ETC.
Nota de bibliografía, etc. Incluye referencias bibliográficas y notas al pie de las páginas
650 #0 - PUNTO DE ACCESO ADICIONAL DE MATERIA--TÉRMINO DE MATERIA
Término de materia o nombre geográfico como elemento de entrada Liberalismo
9 (RLIN) 5271
651 #4 - PUNTO DE ACCESO ADICIONAL DE MATERIA--NOMBRE GEOGRÁFICO
Nombre geográfico Gran Bretaña
Subdivisión general Política Y Gobierno
Subdivisión cronológica 1837-1901.
9 (RLIN) 5272
700 1# - PUNTO DE ACCESO ADICIONAL--NOMBRE DE PERSONA
Nombre de persona Calvo Alfaro, Julio,
Término indicativo de función/relación tr.
9 (RLIN) 5273
830 #0 - PUNTO DE ACCESO ADICIONAL DE SERIE-TÍTULO UNIFORME
Título uniforme Labor
9 (RLIN) 5274
830 #0 - PUNTO DE ACCESO ADICIONAL DE SERIE-TÍTULO UNIFORME
Título uniforme Sección
Designación de volumen o secuencia 9
9 (RLIN) 5275
830 #0 - PUNTO DE ACCESO ADICIONAL DE SERIE-TÍTULO UNIFORME
Título uniforme Política
Designación de volumen o secuencia v. 133
9 (RLIN) 2269
830 #0 - PUNTO DE ACCESO ADICIONAL DE SERIE-TÍTULO UNIFORME
Título uniforme Biblioteca de Iniciación Cultural
9 (RLIN) 5276
Holdings
Estado de retiro Estado de pérdida Restricciones de uso No para préstamo Código de colección Localización permanente Ubicación/localización actual Ubicación en estantería Fecha de adquisición Número de inventario Total de préstamos Signatura topográfica completa Código de barras Fecha visto por última vez Precio válido a partir de Tipo de ítem Koha
    Préstamo interno   Monografías: Libros y Folletos General General En catalogación 06.07.2009 LF1   148 H683l 1610-10 25.06.2020 25.06.2020 Préstamo interno

Powered by Koha